Informe de Práctica Supervisada realizado en Estética Dental (Registro nro. 6954)
[ vista simple ]
| 000 -LEADER | |
|---|---|
| fixed length control field | 00407nmm a22001577a 4500 |
| 005 - DATE AND TIME OF LATEST TRANSACTION | |
| control field | 20170210104708.0 |
| 008 - FIXED-LENGTH DATA ELEMENTS--GENERAL INFORMATION | |
| fixed length control field | 150728b xxu||||| |||| 00| 0 spa d |
| 041 ## - LANGUAGE CODE | |
| Language code of text/sound track or separate title | spa |
| 082 ## - DEWEY DECIMAL CLASSIFICATION NUMBER | |
| Classification number | MD 232 |
| 100 ## - MAIN ENTRY--AUTHOR NAME | |
| Personal name | Ruíz Obando, Melissa |
| 245 ## - TITLE STATEMENT | |
| Title | Informe de Práctica Supervisada realizado en Estética Dental |
| 260 ## - PUBLICATION, DISTRIBUTION, ETC. (IMPRINT) | |
| Year of publication | 2014 |
| 650 ## - SUBJECT ADDED ENTRY--TOPICAL TERM | |
| Topical Term | COSTA RICA |
| 650 ## - SUBJECT ADDED ENTRY--TOPICAL TERM | |
| Topical Term | PORCELANA |
| 942 ## - ADDED ENTRY ELEMENTS (KOHA) | |
| Tipo de ítem | Informe de Práctica |
| Withdrawn status | Estado | Estado físico | Not for loan | Total Checkouts | Clasificación | Número de inscripción | Date last seen | Price effective from | Tipo de ítem |
|---|---|---|---|---|---|---|---|---|---|
| MD 232 | MD232 | 16/02/2016 | 16/02/2016 | Informe de Práctica |